|
|
|
|
| LEADER |
00000nam0a2200000 4500 |
| 001 |
166331 |
| 005 |
20231101222621.0 |
| 010 |
|
|
|a 9785238016931
|
| 035 |
|
|
|a (RuTPU)RU\TPU\book\180426
|
| 090 |
|
|
|a 166331
|
| 100 |
|
|
|a 20090930d2010 m y0rusy50 ca
|
| 101 |
0 |
|
|a rus
|
| 102 |
|
|
|a RU
|
| 105 |
|
|
|a y j 001zy
|
| 200 |
1 |
|
|a Управление рисками в инновационной деятельности
|e учебное пособие для вузов
|f М. В. Грачева, С. Ю. Ляпина
|
| 210 |
|
|
|a Москва
|c ЮНИТИ-ДАНА
|d 2010
|
| 215 |
|
|
|a 351 с.
|
| 320 |
|
|
|a Библиогр.: с. 334-336.
|
| 330 |
|
|
|a Инновационная деятельность сопровождается высокими рисками, и от умения управлять этими рисками во многом зависит успех инноваций. Учебное пособие формирует базовые компетенции, необходимые менеджерам и специалистам по управлению инновационной деятельностью в области риск-менеджмента: от идентификации рисков, анализа и оценки до разработки решений в области организации управления рисками в инновационной деятельности, обобщая отечественный и зарубежный опыт в этой сфере. Для студентов и аспирантов, обучающихся по экономическим специальностям и направлению «Инноватика», а также для специалистов-практиков в этой области.
|
| 606 |
|
|
|a Инновации
|2 stltpush
|3 (RuTPU)RU\TPU\subj\67423
|9 83236
|
| 610 |
1 |
|
|a инновационная деятельность
|
| 610 |
1 |
|
|a риски
|
| 610 |
1 |
|
|a инновационные риски
|
| 610 |
1 |
|
|a конкурентоспособность
|
| 610 |
1 |
|
|a бизнес
|
| 610 |
1 |
|
|a управление
|
| 610 |
1 |
|
|a классификация
|
| 610 |
1 |
|
|a инвестиционные проекты
|
| 610 |
1 |
|
|a экономический анализ
|
| 610 |
1 |
|
|a информационные технологии
|
| 610 |
1 |
|
|a антрепренерства
|
| 686 |
|
|
|a У9(2)0-551я73
|v LBC/SL-A
|2 rubbk
|
| 700 |
|
1 |
|a Грачева
|b М. В.
|g Марина Владимировна
|
| 701 |
|
1 |
|a Ляпина
|b С. Ю.
|g Светлана Юрьевна
|
| 801 |
|
1 |
|a RU
|b 63413507
|c 20090930
|
| 801 |
|
2 |
|a RU
|b 63413507
|c 20120918
|g RCR
|
| 900 |
|
|
|a Управление рисками
|
| 900 |
|
|
|a Теория риска и моделирование рисковых ситуаций
|
| 942 |
|
|
|c BK
|
| 959 |
|
|
|a 101/20090930
|d 1
|e 330,00
|f ЧЗГЛ:1
|